书目信息 |
| 题名: |
材料物理双语教程
|
|
| 作者: | 密保秀 , 高志强 编著 | |
| 分册: | ||
| 出版信息: | 北京 人民邮电出版社 2018.11 |
|
| 页数: | 387页 | |
| 开本: | 26cm | |
| 丛书名: | ||
| 单 册: | ||
| 中图分类: | TB303 | |
| 科图分类: | ||
| 主题词: | 材料科学--cai liao ke xue--物理学--双语教学--高等学校--教材 | |
| 电子资源: | ||
| ISBN: | 978-7-115-45788-2 | |
| 000 | 01139nam0 2200289 450 | |
| 001 | 0100010491 | |
| 005 | 20190905093951.0 | |
| 010 | @a978-7-115-45788-2@dCNY98.00 | |
| 099 | @aCAL 012018141416 | |
| 100 | @a20190901d2018 ekmy0chiy50 ea | |
| 101 | 0 | @achi@aeng |
| 102 | @aCN@b110000 | |
| 105 | @aak a 000yy | |
| 106 | @ar | |
| 200 | 1 | @a材料物理双语教程@Acai liao wu li shuang yu jiao cheng@f密保秀, 高志强编著 |
| 210 | @a北京@c人民邮电出版社@d2018.11 | |
| 215 | @a387页@c图@d26cm | |
| 320 | @a有书目 | |
| 330 | @a本书深入浅出地讲解了与材料性质相关的物理机制, 以及材料性质的应用。主要内容包括: 材料的组织结构的基本知识及电子理论基础, 材料的各种物理性质。 | |
| 333 | @a本书可作为材料专业本科生的材料物理教材或者低年级硕士生的参考教材, 也可作为材料科学与工程领域相关科技工作者的参考书 | |
| 333 | @a21世纪高等学校规划教材 "十三五"江苏省高等学校重点教材 (编号: 2016-2-053) | |
| 606 | 0 | @a材料科学@Acai liao ke xue@x物理学@x双语教学@x高等学校@j教材 |
| 690 | @aTB303@v5 | |
| 701 | 0 | @a密保秀@Ami bao xiu@4编著 |
| 701 | 0 | @a高志强@Agao zhi qiang@4编著 |
| 801 | 0 | @aCN@c20190905 |
| 905 | @a河南城建学院图书馆@dTB303@eM702 | |
| 材料物理双语教程/密保秀, 高志强编著.-北京:人民邮电出版社,2018.11 |
| 387页:图;26cm |
| 使用对象:本书可作为材料专业本科生的材料物理教材或者低年级硕士生的参考教材, 也可作为材料科学与工程领域相关科技工作者的参考书.-;21世纪高等学校规划教材 "十三五"江苏省高等学校重点教材 (编号: 2016-2-053) |
| ISBN 978-7-115-45788-2:CNY98.00 |
| 本书深入浅出地讲解了与材料性质相关的物理机制, 以及材料性质的应用。主要内容包括: 材料的组织结构的基本知识及电子理论基础, 材料的各种物理性质。 |
| ● |
| 相关链接 |
|
|
|
正题名:材料物理双语教程
索取号:TB303/M702
 
预约/预借
| 序号 | 登录号 | 条形码 | 馆藏地/架位号 | 状态 | 备注 |
| 1 | 1438288 | 214382880 | 自科库501/501自科库 12排2列4层/ [索取号:TB303/M702] | 在馆 | |
| 2 | 1438289 | 214382899 | 期刊室512/501自科库 12排2列4层/ [索取号:TB303/M702] | 在馆 |